Normal view MARC view
  • Circo

Entry Materia

Number of records used in: 15

001 - NÚMERO DE CONTROL DEL REGISTRO

  • campo de control: 21760

003 - IDENTIFICADOR DE NUMERO DE CONTROL

  • campo de control: MX-MxUPN

005 - FECHA Y HORA DE LA ÚLTIMA TRANSACCIÓN

  • campo de control: 20240528154600.0

008 - DATOS DE LONGITUD FIJA

  • campo de control de longitud fija: 240528nn fnnnnbabn b ana |d

035 ## - NÚMERO DE CONTROL DEL SISTEMA

  • Número de control del sistema: UPN10000021769

040 ## - FUENTE DE LA CATALOGACIÓN

  • Centro catalogador de origen: MX-MxUPN
  • Lengua de catalogación: spa

150 ## - ENCABEZAMIENTO - TEMÁTICO

  • Término de materia o nombre geográfico como elemento inicial: Circo
  • Subdivisión de forma: Literatura infantil

670 ## - FUENTE EN LA QUE SE LOCALIZARON DATOS

  • Cita de la fuente: LC Authorities, 28 mayo 2024 :
  • Información localizada: (Circus - Juvenile literature)
  • Identificador Uniforme del Recurso: https://lccn.loc.gov/sh2008100794

902 ## - CATALOGADOR

  • Catalogador: CAA/130313
  • Catalogador: VíctorGodínez/280524